Význam vzdelania vo vývoji štruktúry hospodárstva

Súčasné štruktúrne hospodárske zmeny sa vyznačujú vysokou dynamikou - rýchla materializácia výsledkov vedy a techniky vo výrobkovej štruktúre, v štruktúre služieb a v ostatných ekonomických činnostiach. Impulz štruktúrnych zmien vychádza z mikrosféry a závisí najmä od adaptačnej schopnosti a kvality...

Descrizione completa

Salvato in:
Dettagli Bibliografici
Autore principale: Uramová, Mária
Altri autori: Valach, Eugen
Natura: Capitolo di libro
Lingua:slovacco
Soggetti:
Tags: Aggiungi Tag
Nessun Tag, puoi essere il primo ad aggiungerne!!

MARC

LEADER 00000naa$a2200000$$$4500
001 0018921
005 20231107131136.3
041 0 |a slo 
044 |a SK 
245 1 0 |a Význam vzdelania vo vývoji štruktúry hospodárstva  |c Mária Uramová, Eugen Valach 
520 |a Súčasné štruktúrne hospodárske zmeny sa vyznačujú vysokou dynamikou - rýchla materializácia výsledkov vedy a techniky vo výrobkovej štruktúre, v štruktúre služieb a v ostatných ekonomických činnostiach. Impulz štruktúrnych zmien vychádza z mikrosféry a závisí najmä od adaptačnej schopnosti a kvality pracovných síl. Tieto schopnosti sú dané úrovňou vzdelania a motívom investovať do vzdelania. Úloha vzdelania vo vývoji štruktúry hospodárstva. Význam vzdelania doma i v zahraničí. 
610 2 0 |a vzdelanie 
610 2 0 |a štruktúra ekonomická 
610 2 0 |a veda 
610 2 0 |a technika 
610 2 0 |a zmeny štruktúrne 
610 2 0 |a kapitál ľudský 
100 1 |a Uramová, Mária 
700 1 |a Valach, Eugen